| Tag |
First Indicator |
Second Indicator |
Subfields |
| LEADER |
00000cam a2200000Ia 4500 |
| 001 |
in00002026721 |
| 005 |
20151031175258.0 |
| 008 |
040819s2005 dcuab b 000 0 eng d |
| 020 |
|
|
|a 1568028725 (pbk.)
|
| 035 |
|
|
|a (OCoLC)ocm56317409
|
| 040 |
|
|
|a HT#
|c HT#
|d VVC
|d TXA
|d UtOrBLW
|
| 043 |
|
|
|a n-us---
|
| 049 |
|
|
|a TXAM
|
| 082 |
0 |
|
|a 305.8/0973
|2 22
|
| 090 |
|
|
|a E184.A1
|b I85 2005
|
| 245 |
0 |
0 |
|a Issues in race, ethnicity, and gender :
|b selections from The CQ researcher.
|
| 250 |
|
|
|a 2nd ed.
|
| 264 |
|
1 |
|a Washington, D.C. :
|b CQ Press,
|c [2005]
|
| 264 |
|
4 |
|c ©2005
|
| 300 |
|
|
|a xviii, 374 pages :
|b illustrations, maps ;
|c 24 cm.
|
| 336 |
|
|
|a text
|b txt
|2 rdacontent
|
| 337 |
|
|
|a unmediated
|b n
|2 rdamedia
|
| 338 |
|
|
|a volume
|b nc
|2 rdacarrier
|
| 504 |
|
|
|a Includes bibliographical references.
|
| 505 |
0 |
|
|a Affirmative action -- Reparations movement -- Redistricting disputes -- Policing the police -- Environmental justice -- Income inequality -- Race in America -- School desegregation -- Debate over immigration -- The new immigrants -- Latinos' future -- Native Americans future -- Policing the borders -- Women in sports -- Gay marriage -- Abortion debates.
|
| 650 |
|
0 |
|a Racism
|z United States.
|
| 651 |
|
0 |
|a United States
|x Race relations.
|
| 650 |
|
0 |
|a Minorities
|z United States.
|
| 651 |
|
0 |
|a United States
|x Ethnic relations.
|
| 651 |
|
0 |
|a United States
|x Emigration and immigration
|x Government policy.
|
| 650 |
|
0 |
|a Sexism
|z United States.
|
| 651 |
|
0 |
|a United States
|x Social policy.
|
| 730 |
0 |
|
|a CQ researcher.
|
| 948 |
|
|
|a cataloged
|b h
|c 2005/2/10
|d c
|e dmitchel
|f 9:10:20 am
|
| 994 |
|
|
|a E0
|b TXA
|
| 999 |
|
|
|a MARS
|
| 999 |
f |
f |
|s 95584c16-4905-3ccb-8680-cdf560e72065
|i 1ced054b-af7e-37b0-bd51-52512290bde6
|t 0
|
| 952 |
f |
f |
|p ric
|a Texas A&M University
|b Rellis Campus
|c Joint Library Facility
|d Remote Storage
|t 0
|e E184.A1 I85 2005
|h Library of Congress classification
|i unmediated -- volume
|m A14832486629
|
| 998 |
f |
f |
|a E184.A1 I85 2005
|t 0
|l Remote Storage
|